000 00610nam a2200169 a 4500
001 000043244
005 20250909091242.0
008 140303s2009 000 spa d
020 _a9788483470985
040 _aDO-SdBNP
_bSpa
_cBNPHU
245 0 0 _aComo evaluar proyectos de cultura para el desarrollo : /
_cuna aproximacion metodologica a la construccion de indicadores.
260 _aMadrid :
_bAECID,
_c2009.
300 _a366 p. :
_bil., + CD ;
_c23 cm.
490 1 _aCultura y desarrollo
_v09
710 2 _aAgencia Española de Cooperación Internacional
_934585
830 0 _aCultura y desarrollo
_v09
_970846
999 _c42733
_d42733